LEADER 01046nam a2200265 a 4500 001 000000138161 003 CaOOAMICUS 005 20140411135735.0 008 140411s1998 it u000 u ita r 020 $a88-17-85983-4 040 $aPUL$bita 100 1 $aIsnenghi, Mario.$0(OLS)http://pul/name/69259 245 10$aBreve storia dell'Italia unita a uso dei perplessi /$cMario Isnenghi. 260 $aMilano :$bRizzoli ;$aMilano :$bR.C.S. Libri,$cİ1998. 300 $a171 p. ;$c19 cm 500 $aInclude indice. 651 4$aItalia$xUnificazione.$0(OLS)http://pul/subject/25335 850 $aPUL 852 $aPUL$W1$xDP1 Fondo E. Rossi$y115$m7 D 49$j159286$qFondi$B158836$CPULBib$Z2$F158836 $82 941 1 $a1 996 $6020$a88-17-85983-4$9(OLS)http://pul/number/155097 996 $6245$aBreve storia dell'Italia unita a uso dei perplessi$9(OLS)http://pul/title/174927 996 $6260$aMilano :$bRizzoli$9(OLS)http://pul/publisher/48712 996 $6260$aMilano :$bR.C.S. Libri$9(OLS)http://pul/publisher/74600 LEADER 01274nam a2200313 a 4500 001 000000175182 003 CaOOAMICUS 005 20220502154720.0 008 220502s2012 it u000 u ita r 020 $a978-88-95565-80-4* 032 $aLibriCat 040 $aPUL$bita 082 04$a144.3 100 1 $aPozzoni, Ivan.$0(OLS)http://pul/name/85944 245 10$aPragmata : $bper una ricostruzione storiografica dei pragmatismi / $cIvan Pozzoni (ed.) 260 $aMorolo (Fr) :$bIF Press,$cİ2012. 300 $a312 p. ;$c24 cm 490 1 $aPhilosophica ;$v10 504 $aBibliografia p. [193]-221. 650 4$aPragmatismo$xStudi.$0(OLS)http://pul/subject/37209 830 0$aPhilosophica (IF Press) ;$v10.$0(OLS)http://pul/title/168584 850 $aPUL 852 $aPUL$W1$xSL Filosofia 3$y81$m144. 3 POZIV 1$j199432$qDDC 21$B204142$CPULBib$Z2$F204142 $H135570 $82 941 1 $a9 996 $6020$a978-88-95565-80-4*$9(OLS)http://pul/number/168612 996 $6082$a144.3$9(OLS)http://pul/classification/3035 996 $6245$aPragmata : $bper una ricostruzione storiografica dei pragmatismi / $9(OLS)http://pul/title/216599 996 $6260$aMorolo (Fr) :$bIF Press$9(OLS)http://pul/publisher/81996